Responses for show #5486 - Monday, June 16, 2008

Dave Simpson game 1.

Contestants

[<< previous game]

Sujit Roy, a tour guide from Toronto, Ontario, Canada

Dave Simpson, a pastor from Belcamp, Maryland

Lowell Goodman, a writer from Los Angeles, California (whose 1-day cash winnings total $19,100)

[next game >>]

Jeopardy! Round responses

THE AMERICAN REVOLUTION
CELEBRITY BOOKS
SOMETHING'S FISHY
TECH COMPANIES?
LET'S GO SHOPPING
OH "BOY"
    $200 11
George Washington

Dave
    $200 1
Jeff Foxworthy

Lowell
    $200 16
tuna

Dave
    $200 26
an apple

Dave
    $200 21
amber

Sujit
    $200 6
doughboy

Dave
    $400 12
Philadelphia

Dave
    $400 2
(Dave: Who is, um...)
(Lowell: Who's Kirstie Alley?)
(Sujit: Who is Susan Powter?)

Valerie Bertinelli

LowellDaveSujit
Triple Stumper
    $400 17
(Alex: That's your basic [*]...)

goldfish

Triple Stumper
    $400 27
Amazon

Sujit
    $400 22
Fess Parker

Dave
    $400 7
boysenberry

Dave
    $600 13
blood

Dave
    $600 3
Brooke Shields

Lowell
    $600 18
mahimahi

Dave
    $600 28
oracle

Dave
    $600 23
electric guitar

Dave
    $600 8
flamboyant

Dave
    $800 14
Cornwallis

Dave
    $1,000 4
Marlee Matlin

Lowell
    $800 19
roughy

Dave
    $800 29
gateway

Sujit
    $800 24
(Lowell: What is Home Shopping Network?)

QVC

Lowell
Triple Stumper
    $800 9
a best boy

Dave
    $1000 15
The Federalist Papers

Dave
    $1000 5
Shopgirl

Dave
    $1000 20
(Sujit: What is halibut?Alex: No. Lowell or Dave?...Alex: correct response--what is [*]?...)

the shark

Sujit
Triple Stumper
    $1000 30
(Alex: He would [*]...to the finish...)

sprint

Triple Stumper
    $1000 25
Japan

Lowell
    $1000 10
The Playboy of the Western World

Triple Stumper

Scores at the first commercial break (after clue 15):

Lowell Dave Sujit
$1,400 $5,600 -$400

Scores at the end of the Jeopardy! Round:

Lowell Dave Sujit
$1,600 $9,000 $0

Double Jeopardy! Round responses

SHAKESPEARE
REALITY TV
SYMPHONY SPACE
COLLEGES & UNIVERSITIES
"G"-RATED COUNTRIES
MYTHOLOGICAL RHYME TIME
    $400 6
The Taming of the Shrew

Lowell
    $400 7
Project Runway

Sujit
    $400 22
Stradivarius

Dave
    $400 10
Vassar

Dave
    $400 13
Greece

Dave
    $400 5
[Sujit smirks & audience laughs.]
(Alex: Easy, now! Easy!)

Helen's melons

Sujit
    $800 8
(Dave: What is Macbeth?)

Hamlet

Dave
Triple Stumper
    $800 30
(Lowell: Who is Muhammad Ali?)

Hulk Hogan

LowellSujit
    $800 23
the Royal Albert Hall

Dave
    $800 18
Minnesota

Dave
    $800 17
Germany

Sujit
    $800 1
Jove's cloves

Sujit
    $1200 9
Richard III

Triple Stumper
    $1200 29
Supernanny

Lowell
    $1200 24
Finlandia

Triple Stumper
    $1,000 19
(Dave: What is...?)

Boston College

Dave
    $1200 14
Guyana

Dave
    $1200 2
Horus' choruses

Sujit
    $1600 11
Eleanor of Aquitaine

Sujit
    $1600 28
The Moment of Truth

Triple Stumper
    $1600 25
Philadelphia

Dave
    $1600 20
Notre Dame

Sujit
    $4,000 15
Georgia

Dave
    $1600 3
Iris' viruses

Sujit
    $2000 12
"Lay on, Macduff"

Triple Stumper
    $2000 27
the Pussycat Dolls

Sujit
    $2000 26
(Arturo) Toscanini

Lowell
    $2000 21
(Sujit: What's the University of Maryland?)

Johns Hopkins

DaveSujit
    $2000 16
Grenada

Dave
    $2000 4
Hel's bells

Triple Stumper

Scores at the end of the Double Jeopardy! Round:

Lowell Dave Sujit
$4,400 $20,800 $9,200
(lock game)

[wagering suggestions for these scores]

Final Jeopardy! Round responses

AMERICAN AUTHORS
LowellWho is Truman Capote?
$4,400
SujitWho is Capote?
$399
DaveWho is Truman Capote?
$800
Truman Capote

Final scores:

Lowell Dave Sujit
$8,800 $21,600 $9,599
3rd place: $1,000 New champion: $21,600 2nd place: $2,000

Game dynamics:

Coryat scores:

Lowell Dave Sujit
$4,200 $19,400 $9,200
7 R
(including 1 DD),
3 W
27 R
(including 1 DD),
3 W
(including 1 DD)
13 R,
3 W

Combined Coryat: $32,800

The J! Archive is created by fans, for fans. The Jeopardy! game show and all elements thereof, including but not limited to copyright and trademark thereto, are the property of Jeopardy Productions, Inc. and are protected under law. This website is not affiliated with, sponsored by, or operated by Jeopardy Productions, Inc. Join the discussion at JBoard.tv.